Least Free Countries Bordering Each Other - Statistics

General Stats
  • This quiz has been taken 117 times
  • The average score is 13 of 17
Answer Stats
Country % Correct
Russia
96%
China
95%
North Korea
95%
Afghanistan
94%
Iran
93%
Turkmenistan
87%
Uzbekistan
87%
Tajikistan
84%
Myanmar
76%
Saudi Arabia
74%
Yemen
73%
Azerbaijan
70%
Sudan
70%
South Sudan
69%
Eritrea
62%
Central African Republic
59%
Libya
57%
No matching quizzes found
Score Distribution
Percent of People with Each Score
Percentile by Number Answered
Your Score History
You have not taken this quiz